logo

Bir Sreshtho Munshi Abdur Rouf Library
Jhenaidah Cadet College

College algebra / (Record no. 6213)

MARC details
000 -LEADER
fixed length control field 00749cam a22002897a 4500
001 - CONTROL NUMBER
JCCL Control Number 6213
003 - CONTROL NUMBER IDENTIFIER
JCCL marc code BD-JhCC
005 - DATE AND TIME OF LATEST TRANSACTION
control field 20180116194822.0
008 - FIXED-LENGTH DATA ELEMENTS--GENERAL INFORMATION
fixed length control field 110506s2013 maua 001 0 eng
020 ## - INTERNATIONAL STANDARD BOOK NUMBER
International Standard Book Number 9780321671790
020 ## - INTERNATIONAL STANDARD BOOK NUMBER
International Standard Book Number 0321671791
035 ## - SYSTEM CONTROL NUMBER
system control number (BD-JhCC)6213
040 ## - CATALOGING SOURCE
Original cataloging agency DLC
Transcribing agency DLC
Modifying agency DLC
-- BD-JhCC
041 ## - LANGUAGE CODE
Language code of Book eng
050 00 - LIBRARY OF CONGRESS CALL NUMBER
Classification number QA154.3
Item number .L538 2013
082 00 - DEWEY DECIMAL CLASSIFICATION NUMBER
Classification number 512.9
DDC Edition number 23
Author mark and Year RIC 2013
100 ## - MAIN ENTRY--PERSONAL NAME
Personal name Richardson, M.
245 00 - TITLE STATEMENT
Title College algebra /
Statement of responsibility, etc M. Richardson,
250 ## - EDITION STATEMENT
Edition statement 11 ed. /
260 ## - PUBLICATION, DISTRIBUTION, ETC. (IMPRINT)
Place of publication, distribution, etc Boston :
Name of publisher, distributor, etc Pearson Education, Inc.,
Date of publication, distribution, etc 2013.
300 ## - PHYSICAL DESCRIPTION
Pagination 524 p. :
Other physical details col. ill. ;
Dimensions 26 cm.
500 ## - GENERAL NOTE
General note Includes index.
650 #0 - SUBJECT ADDED ENTRY--TOPICAL TERM
Topical term or geographic name as entry element Algebra
Form subdivision Textbooks.
700 1# - ADDED ENTRY--PERSONAL NAME
Personal name Lial, Margaret L.
942 ## - ADDED ENTRY ELEMENTS (KOHA)
Source of classification or shelving scheme Dewey Decimal Classification
Koha item type Books
Holdings
Source of classification or shelving scheme Damaged status Not for loan Home library Current library Shelving location Total Checkouts Full call number Barcode Date last seen Copy number Koha item type
Dewey Decimal Classification     JCC Rouf Library JCC Rouf Library General Stacks   512.9 RIC 2013 7881 01/16/2018 C - 1 Books

JCC Library | Contacts | JCC Home

Last Update on 23 September 2017
Copyright @ 2017-2020 JCC Rouf Library
Rouf Library, Jhenidah Cadet College (JCC), Bangladesh